000 00765nam a22002177a 4500
999 _c17616
_d17616
003 AR-CdUCM
008 190509b ||||| |||| 00| 0 spa d
040 _aMUNICIPALIDAD PROVINCIAL DEL CUSCO
_cBIBLIOTECA MUNICIPAL DEL CUSCO
082 _a833 /
_bS74
100 _aSperber, Manés
_937740
245 _aEl zarzal quemado /
260 _aBuenos Aires :
_bGuillermo Kraft,
_c1954.
300 _a531 páginas ;
_c21 cm.
440 _aColección vértice ;
_937741
505 _aContenido: La leyenda del abrasado zarzal -- La jornada infructuosa -- Preparativos -- Los muertos no alabarán al señor ...
650 _aLeyendas
_92226
650 _aFicción
_9184
700 _aBray, Arturo (traductor)
_937742
942 _2ddc
_cLIBROS
945 _aacv
_d2019-05-09